| 000 | 00755nam a22002777a 4500 | ||
|---|---|---|---|
| 001 | 0000998 | ||
| 003 | KOHA_MİRAKIL | ||
| 005 | 20260207001226.0 | ||
| 007 | ta | ||
| 008 | 081212b2004 tu |||gr||||#||||0|tur | | ||
| 020 |
_a9758624865 _cYTL22,69 |
||
| 040 |
_aTR-BiSEU _btur _cTR-BiSEU _erda |
||
| 041 | 0 | _atur | |
| 044 | _ctu | ||
| 050 |
_aQH506 _b.T87 2004 |
||
| 100 | 1 | _aDilsiz, Nihat. | |
| 245 | 1 |
_aMoleküler biyoloji/ _cNihat Dilsiz ; Nihat Dilsiz. |
|
| 264 | 1 |
_aAnkara : _bPalme Yayıncılık _c2004 |
|
| 300 | _a220 sayfa | ||
| 336 |
_ametin _btxt _2rdacontent |
||
| 337 |
_aaracısız _bn _2rdamedia |
||
| 338 |
_acilt _bnc _2rdacarrier |
||
| 650 | 0 |
_aMolecular Biology. _91929 |
|
| 650 | 0 |
_aMoleküler biyoloji. _91928 |
|
| 942 |
_2lcc _cBK |
||
| 999 |
_c993 _d993 |
||